000 00680nam a2200277Ia 4500
005 20260324123108.0
008 008 260324s9999 xx 000 0 eng d
020 _a9780203816394
037 _aEBOOK
040 _aCRL
040 _beng
040 _cCRL
041 _2eng
041 _aeng
084 _qCRL
100 _a Various
_91157004
245 0 _aRoutledge Library Editions: Education Mini-Set A: Comparative Education 11 vol set
260 _bTaylor and Francis
260 _c2012
365 _a
365 _b1170
856 _uhttp://www.taylorfrancis.com/books/9780203816394
942 _cEBOOK
999 _c1762225
_d1762225